[Event "IMSA Rapid Men 2019"]
[Site "Hengshui"]
[Date "2019.05.14"]
[Round "4.8"]
[White "Leko, Peter"]
[Black "Jones, Gawain C B"]
[Result "1/2-1/2"]
[WhiteElo "2674"]
[BlackElo "2702"]
[Annotator "TA"]
[PlyCount "190"]
[EventDate "2019.05.14"]
[EventType "rapid"]
[EventCountry "CHN"]
[SourceTitle "playchess.com"]
[Source "ChessBase"]
[SourceQuality "1"]

{[%evp 13,190,0,19,13,35,31,20,14,26,15,30,18,38,29,44,16,25,0,12,16,18,15,14,22,55,48,48,48,48,47,49,47,49,49,54,52,56,54,54,52,53,52,62,62,62,62,62,62,62,64,67,63,78,78,76,76,92,66,72,70,97,88,110,88,90,82,92,92,92,88,88,88,88,88,94,88,93,88,88,88,88,65,88,88,99,99,99,99,99,99,99,99,99,99,99,0,99,99,99,0,99,0,99,88,99,88,100,88,88,88,99,100,107,61,118,63,63,63,63,63,63,63,63,63,63,63,63,39,39,39,39,39,87,87,87,87,87,87,87,87,87,87,87,87,87,87,87,87,87,87,87,87,87,87,87,87,87,87,87,87,87,40,40,40,40,40,40,40,40,40,40,40,40,0,40,59,85,32,42]} 1. d4 Nf6 2. c4 g6 3. g3 c6 4. Bg2 d5 5. Qa4 Bg7 6. Nf3 O-O 7. O-O Nbd7 8. cxd5 {D78: Fianchetto Grünfeld: 6 0-0 c6} cxd5 9. Bf4 Nb6 10. Qb3 {The position is equal.} Bf5 11. Nc3 Ne4 12. Rfc1 Qd7 $146 ({Predecessor:} 12... Rc8 13. Nb5 a6 14. Na3 Nd6 15. Rxc8 Ndxc8 16. Rc1 Nd6 17. Ne5 Ndc4 18. Naxc4 dxc4 19. Nxc4 Nxc4 20. Qxc4 {0-1 (47) Movsesian,S (2670)-Repka,C (2372) Velky Cetin 2018}) 13. Ne5 Bxe5 14. Bxe5 {next Nxe4 is good for White.} Rfc8 15. Nxe4 Bxe4 16. f3 Bf5 $1 17. g4 Be6 $1 18. Bf4 Rc4 19. Qd1 Rac8 20. b3 Rxc1 21. Rxc1 Rc6 22. Kf2 Nc8 23. Rxc6 Qxc6 24. Qc1 Qxc1 25. Bxc1 $14 {[%mdl 4096] Endgame KBB-KBN} f6 26. h3 Bd7 27. e4 Bc6 28. e5 Kf7 29. f4 e6 30. Bf1 Bd7 31. Ke3 Ne7 32. Ba3 Nc6 33. Bc5 a6 34. Bd3 Na5 35. Bb6 Nc6 36. a4 f5 37. Be2 Kg7 38. Bc5 Na5 39. Bd1 b5 40. Bb6 Nc6 41. axb5 axb5 42. Bf3 Kf7 43. Bc5 Na5 44. Bd1 Nc6 45. Kd3 b4 46. Ke3 Kg7 47. Bf3 Bc8 48. Be2 Bb7 49. Bb5 Kf7 50. Ba4 Kg7 51. Kf3 Ba8 52. Kg3 Bb7 53. Kh4 Ba8 54. Kg3 Bb7 55. Kf2 Kf7 56. Ke3 (56. g5 $16) 56... Ba8 (56... Kg7 $11 {remains equal.}) 57. Bb5 Bb7 58. Bd3 Kg7 59. Kf3 Kf7 60. Bb6 Nb8 61. Bb5 Nc6 62. Bc5 Kg7 63. h4 h5 (63... fxg4+ $14 64. Kxg4 h5+ 65. Kg3 Kf7) 64. gxh5 (64. g5 $16) 64... gxh5 65. Ke3 Kg6 66. Kd2 Kf7 67. Kc2 Kg7 68. Kb2 Kf7 69. Ka2 Kg7 70. Bxc6 (70. Bd3 {is more complex.} Kh6 71. Kb2 Kg6 72. Be2 Bc8 73. Kc1) 70... Bxc6 71. Bxb4 {KB-KB} Kf7 72. Ka3 Ke8 73. Ba5 {[#] Kb4 is the strong threat.} Bb5 74. Kb4 Be2 75. Kc5 Kd7 76. b4 {[%cal Bb3b4,Bb4b5][%mdl 32]} Bf1 77. b5 Be2 78. Bb6 Bf1 79. Ba7 Be2 80. Bb8 Bf1 81. Bd6 Be2 82. Kb6 Bf1 83. Bf8 Be2 84. Bh6 Bf1 85. Bg5 Be2 86. Kc5 Bf1 87. b6 Ba6 88. Bf6 Bb7 89. Kb5 Bc8 90. Be7 Bb7 $1 (90... Kxe7 $2 91. Kc6 $18) 91. Bf8 Ke8 92. Kc5 {[#] And now Kd6 would win.} Kd7 $1 (92... Kxf8 93. Kd6 $18) 93. Kb5 Ke8 94. Bd6 Kd7 95. Kc5 (95. Ba3 $16) 95... Bc8 {Accuracy: White = 75%, Black = 71%.} 1/2-1/2

[Event "IMSA Rapid Men 2019"]
[Site "Hengshui"]
[Date "2019.05.15"]
[Round "5.1"]
[White "Dominguez Perez, Leinier"]
[Black "Andreikin, Dmitry"]
[Result "1-0"]
[WhiteElo "2750"]
[BlackElo "2722"]
[Annotator "TA"]
[PlyCount "47"]
[EventDate "2019.05.14"]
[EventType "rapid"]
[EventCountry "CHN"]
[SourceTitle "playchess.com"]
[Source "ChessBase"]
[SourceQuality "1"]

{[%evp 9,47,53,59,44,71,60,65,43,36,46,83,34,33,44,33,30,33,33,40,37,28,47,27,34,48,40,36,43,19,45,54,53,61,50,888,888,881,879,29996,29997]} 1. e4 d5 2. exd5 Qxd5 3. Nc3 Qd6 4. d4 Nf6 5. Nf3 c6 6. h3 {B01: Scandinavian Defence} (6. g3 Bf5 7. Bg2 h6 8. O-O e6 9. Na4 Nbd7 10. Bf4 Qe7 11. c4 g5 12. Be3 Bg7 13. Qb3 Rb8 {1-0 (88) Grandelius,N (2655)-Andreikin,D (2723) Porto Carras 2018}) 6... g6 7. Bc4 Be6 8. Bb3 $146 {White is slightly better.} ({Predecessor:} 8. Bxe6 Qxe6+ 9. Ne2 Bg7 10. O-O O-O 11. Re1 Qc8 12. b3 c5 13. Ba3 Na6 {1-0 (51) Breder,D (2465)-Milanovic,D (2502) Austria 2013}) 8... Bxb3 9. axb3 Qe6+ 10. Ne5 Nbd7 11. O-O {[#] Strongly threatening Nc4.} Nxe5 12. dxe5 Qxe5 13. Re1 Qf5 14. g4 {[%mdl 1024] White has compensation.} Qd7 15. Qf3 {[#] Black must now prevent Qxf6.} Bg7 16. Bg5 O-O 17. Rad1 $1 {[%cal Rd1d7]} Qe8 $1 18. Bxf6 Bxf6 19. Ne4 $1 $36 {[%cal Re4f6][%mdl 2048] Black is under pressure.} Qc8 20. Nxf6+ exf6 21. Qxf6 {Re7 is the strong threat.} h5 $2 {[%mdl 8192]} (21... Re8 $14) 22. Re7 $18 hxg4 23. Rdd7 gxh3 24. Rxf7 {Accuracy: White = 71%, Black = 38%.} 1-0

[Event "IMSA Rapid Men 2019"]
[Site "Hengshui"]
[Date "2019.05.15"]
[Round "5.2"]
[White "Le, Quang Liem"]
[Black "Fedoseev, Vladimir"]
[Result "1/2-1/2"]
[WhiteElo "2704"]
[BlackElo "2683"]
[Annotator "TA"]
[PlyCount "86"]
[EventDate "2019.05.14"]
[EventType "rapid"]
[EventCountry "CHN"]
[SourceTitle "playchess.com"]
[Source "ChessBase"]
[SourceQuality "1"]

{[%evp 9,86,10,16,11,11,13,18,11,11,11,13,17,12,14,23,21,29,31,21,0,41,42,37,15,30,18,18,10,6,-1,22,22,29,0,0,0,3,-16,-12,-26,-12,-72,-64,-76,-31,-27,-29,-32,-28,-28,-28,-31,-34,-33,0,0,0,0,0,0,9,0,0,0,0,0,4,0,0,0,0,0,24,0,8,0,38,0,7]} 1. e4 e5 2. Nf3 Nf6 3. Nxe5 d6 4. Nd3 Nxe4 5. Qe2 Qe7 6. Nc3 {[#] Hoping for Nd5. C42: Petroff Defence: 3 Nxe5 and unusual White 3rd moves} Nf6 7. Nf4 c6 8. d4 Qxe2+ 9. Bxe2 Bf5 (9... d5 10. O-O Bd6 11. Bd3 O-O {1-0 (57) Harikrishna,P (2723)-Yu,Y (2751) Shenzhen 2019}) 10. Bd3 Bxd3 11. Nxd3 Nbd7 12. O-O Nb6 13. Re1+ Kd7 14. a4 {[#]} a5 $146 ({Predecessor:} 14... Be7 15. f3 Nfd5 {½-½ (15) Buhmann,R (2568)-Fridman,D (2633) Skopje 2019}) 15. b3 Be7 16. Bd2 Rhe8 17. f3 Nfd5 18. Ne2 Bf6 {[#] ...Rxe2! is the strong threat.} 19. Rac1 Ne7 20. g4 h6 21. c3 Nbd5 22. Ng3 Bg5 23. f4 Bh4 $1 24. Kg2 f5 25. h3 (25. g5 $11) 25... Nf6 $17 {White must now prevent ...Bxg3.} 26. Nf2 g6 27. c4 fxg4 28. hxg4 h5 29. g5 $1 {[%cal Rg5f6]} Bxg3 30. Kxg3 Nf5+ 31. Kh3 $1 Ng4 (31... Rxe1 {keeps more tension.} 32. Rxe1 Ng4 33. Nxg4 hxg4+ 34. Kxg4 Rh8) 32. Nxg4 hxg4+ 33. Kxg4 Rxe1 34. Bxe1 $11 {[%mdl 4096] Endgame KRB-KRN} Re8 35. Bf2 Re2 36. Kf3 Rb2 37. Rc3 Rd2 38. Be3 Rh2 39. d5 Rh3+ 40. Kf2 Rh2+ 41. Kf3 Rh3+ 42. Kf2 Rh2+ 43. Kf3 Rh3+ {Accuracy: White = 60%, Black = 66%.} 1/2-1/2

[Event "IMSA Rapid Men 2019"]
[Site "Hengshui"]
[Date "2019.05.15"]
[Round "5.3"]
[White "Korobov, Anton"]
[Black "Cheparinov, Ivan"]
[Result "1-0"]
[WhiteElo "2687"]
[BlackElo "2667"]
[Annotator "TA"]
[PlyCount "55"]
[EventDate "2019.05.14"]
[EventType "rapid"]
[EventCountry "CHN"]
[SourceTitle "playchess.com"]
[Source "ChessBase"]
[SourceQuality "1"]

{[%evp 16,55,-1,0,4,3,3,6,-3,-13,4,-34,24,-38,-54,-60,0,-15,85,62,72,38,210,167,133,115,260,49,133,0,225,169,188,195,413,382,401,386,381,371,807,472]} 1. d4 Nf6 2. c4 e6 3. Nc3 Bb4 4. e3 O-O 5. Nge2 d5 6. a3 Be7 7. cxd5 exd5 8. Nf4 c6 9. Bd3 Na6 {E46: Nimzo-Indian: Rubinstein: 4 e3 0-0 5 Ne2 without early Bd3} 10. O-O Nc7 11. f3 Re8 {The position is equal.} 12. Kh1 (12. Bd2 Bf8 13. Qe1 g6 14. g4 c5 15. Qf2 b6 16. h4 Bd6 17. Nce2 {0-1 (54) Caruana,F (2816)-Karjakin,S (2782) Leuven 2018}) 12... b6 $146 ({Predecessor:} 12... c5 13. dxc5 Bxc5 14. e4 dxe4 15. Nxe4 Be7 16. Qc2 h6 17. Rd1 {½-½ (34) Chiku Ratte,O (2278)-Preotu,R (2495) Quebec 2018}) 13. g4 Ne6 (13... Bb7 $15) 14. b4 (14. Nxe6 $11 Bxe6 15. g5) 14... Nxf4 $15 15. exf4 Bb7 16. Qc2 c5 (16... Bd6 $11) 17. g5 Nh5 18. Bxh7+ Kf8 $2 (18... Kh8 $14) 19. bxc5 bxc5 20. Rb1 $36 {[%mdl 2048] Keeping Black busy.} Bc6 (20... Ba6 $16 21. Bd3 Bxd3 22. Qxd3 Kg8) 21. Bf5 $2 (21. g6 $1 $18 {[%cal Rg6f7]} Qd7 22. gxf7) 21... Bd6 $1 $14 {[#]} ({Wrong is} 21... g6 $2 22. Bxg6 $1 {[%mdl 512]} Ng7 23. Bd3 $18) 22. Ne2 ({White should play} 22. Bg4 $1 $16 Nxf4 23. dxc5) 22... Qe7 $2 (22... c4 $11 {and Black is okay.}) 23. dxc5 Bxc5 24. Bg4 Qxe2 $2 (24... Ba4 {was necessary.} 25. Qxa4 Qxe2) 25. Qxc5+ $18 {[%mdl 64] Double Attack} Kg8 26. Kg1 Rac8 {intending ...Bd7.} 27. Bxh5 Ba4 $2 (27... Bd7 28. Qf2 (28. Qxa7 Bh3 $11) 28... Bh3) 28. Qf2 {Accuracy: White = 42%, Black = 36%.} 1-0

[Event "IMSA Rapid Men 2019"]
[Site "Hengshui"]
[Date "2019.05.15"]
[Round "5.4"]
[White "Ponomariov, Ruslan"]
[Black "Gelfand, Boris"]
[Result "1/2-1/2"]
[WhiteElo "2675"]
[BlackElo "2676"]
[Annotator "TA"]
[PlyCount "66"]
[EventDate "2019.05.14"]
[EventType "rapid"]
[EventCountry "CHN"]
[SourceTitle "playchess.com"]
[Source "ChessBase"]
[SourceQuality "1"]

{[%evp 12,66,33,34,54,12,12,17,22,22,23,21,23,11,28,4,-6,-7,31,24,18,17,35,18,22,12,14,13,10,12,27,0,45,0,0,-7,-7,-7,-10,-36,-6,-13,0,0,0,-19,0,-14,-14,-37,0,-12,0,-37,0,-16,0]} 1. e4 e5 2. Nf3 Nf6 3. Nxe5 d6 4. Nf3 Nxe4 5. d4 d5 6. Bd3 Be7 7. O-O Bf5 {C42: Petroff Defence: 3 Nxe5 and unusual White 3rd moves} 8. Ne5 Nd7 9. Nc3 Nxc3 10. bxc3 Bxd3 11. cxd3 O-O 12. Rb1 Rb8 13. f4 $146 ({Predecessor:} 13. Ng4 Nf6 14. Ne3 g6 15. g4 c6 16. f4 h5 17. f5 hxg4 18. Nxg4 Nh7 19. Bh6 Re8 20. fxg6 fxg6 21. Qf3 {1-0 (21) Yu,Y (2759)-Wei,Y (2734) Tianjin 2018}) 13... f6 14. Ng4 f5 15. Ne5 Nxe5 16. fxe5 Qd7 17. Rb2 b5 18. Be3 a5 19. Rbf2 b4 20. cxb4 axb4 21. Qh5 {[%cal Rf2f5]} Qe8 22. Qe2 ({But not} 22. Rxf5 $2 Qxh5 23. Rxh5 Rxf1+ 24. Kxf1 g6 $19) 22... Qg6 23. g3 Ra8 24. Kg2 Ra3 25. Rc1 c6 26. Rc2 Rfa8 27. Bc1 R3a6 28. Be3 Qe6 29. Qf3 Ra3 30. Bc1 R3a6 31. Be3 Ra3 32. Bc1 R3a6 33. Be3 Ra3 {Accuracy: White = 42%, Black = 57%.} 1/2-1/2

[Event "IMSA Rapid Men 2019"]
[Site "Hengshui"]
[Date "2019.05.15"]
[Round "5.5"]
[White "Vidit, Santosh Gujrathi"]
[Black "Leko, Peter"]
[Result "1-0"]
[WhiteElo "2707"]
[BlackElo "2674"]
[Annotator "TA"]
[PlyCount "115"]
[EventDate "2019.05.14"]
[EventType "rapid"]
[EventCountry "CHN"]
[SourceTitle "playchess.com"]
[Source "ChessBase"]
[SourceQuality "1"]

{[%evp 15,115,11,5,2,19,2,6,8,8,11,4,0,10,10,8,0,0,0,0,0,0,0,138,140,135,127,126,126,125,127,124,124,144,137,182,189,280,273,274,264,325,319,359,358,349,225,367,371,460,460,460,418,530,473,525,512,547,547,466,390,395,387,354,0,371,352,520,422,539,508,477,442,568,472,468,460,446,446,446,442,556,552,544,431,493,335,524,334,533,508,531,522,564,409,549,445,467,410,542,436,737,737]} 1. d4 Nf6 2. c4 e6 3. g3 d5 4. Bg2 Be7 5. Nf3 O-O 6. Nc3 {[%cal Bb1c3,Bc3d1,Bd1e3][%mdl 32]} dxc4 7. Ne5 c5 8. dxc5 Qxd1+ 9. Nxd1 {E06: Closed Catalan: Early deviations} Bxc5 10. Ne3 c3 11. bxc3 {The position is equal.} Nbd7 12. Nd3 Rb8 13. Nc4 b6 {[#]} 14. Bf4 $146 {[%cal Rf4b8]} ({Predecessor:} 14. Nxc5 Nxc5 15. Ba3 Ba6 16. Ne5 Rfc8 {1-0 (54) Gelfand,B (2777)-Adams,M (2754) London 2013}) 14... Bb7 15. Bxb8 Bxg2 16. Bd6 $1 Bxh1 17. Bxf8 Kxf8 18. f3 $1 b5 (18... Bg2 $11 {remains equal.}) 19. Nxc5 $16 Nxc5 20. Ne3 {[#]} Nfe4 $1 {[%mdl 512]} 21. fxe4 Bxe4 {[%mdl 4096] Endgame KRN-KBN} 22. a3 Ke7 23. c4 bxc4 24. Rc1 f5 25. Nxc4 ({But not} 25. Rxc4 Kd6 $16) 25... Ba8 (25... Bd5 $142 26. Ne3 Kd6 27. Nxd5 Kxd5) 26. Ne5 $18 Kd6 27. Nf7+ Kd5 28. Rd1+ Kc4 29. Nd6+ Kb3 30. Rb1+ Ka2 (30... Ka4 $142 31. Nc8 Bd5) 31. Rc1 Nb3 32. Rc7 $1 {[%csl LRa7,LRg7]} a5 33. a4 g5 34. Rxh7 g4 35. Ra7 Bd5 {If Black can now play ...Ka3 this consolidates a bit.} 36. Nb5 Kb2 37. e3 e5 38. Re7 Nc5 39. Ra7 Nb3 $1 40. Rd7 Bc4 (40... Bg2 {keeps fighting.} 41. Rd8 Bc6) 41. Nd6 Bd5 42. Re7 Nc5 43. Nxf5 Bb3 44. Nd6 Kc3 45. Ke2 Bxa4 46. Rxe5 Kb4 47. Rd5 Bd7 48. Rd4+ Kb3 49. Kd2 a4 {intending ...a3.} 50. Kc1 a3 (50... Be6 $142 51. Kb1 a3) 51. Kb1 a2+ (51... Be6 $142 52. Ka1 Kc2) 52. Ka1 Be6 53. Ne4 Na6 54. Rd2 Ka3 55. Nc3 Nb4 56. Nb5+ Ka4 57. Nd4 Bd5 (57... Bc4 $142 58. Rf2 Nd3) 58. Nc2 {Accuracy: White = 88%, Black = 44%.} 1-0

[Event "IMSA Rapid Men 2019"]
[Site "Hengshui"]
[Date "2019.05.15"]
[Round "5.6"]
[White "Yu, Yangyi"]
[Black "Bu, Xiangzhi"]
[Result "1/2-1/2"]
[WhiteElo "2739"]
[BlackElo "2729"]
[Annotator "TA"]
[PlyCount "138"]
[EventDate "2019.05.14"]
[EventType "rapid"]
[EventCountry "CHN"]
[SourceTitle "playchess.com"]
[Source "ChessBase"]
[SourceQuality "1"]

{[%evp 12,138,14,14,34,14,14,8,20,27,30,15,32,41,33,41,31,33,41,41,66,50,58,46,49,15,22,0,0,-8,-20,-14,-10,-18,-20,-21,-22,-25,-19,-18,-13,-22,-22,-14,-14,-14,-7,-12,0,0,0,0,0,-17,-18,-13,-14,-14,0,0,0,0,0,0,0,-9,-9,-111,-111,-175,-164,-179,-176,-173,-166,-181,-158,-189,-145,-191,-185,-238,-237,-238,-186,-299,-176,-566,-231,-237,-244,-243,-156,-164,-74,-74,-74,-77,-77,-83,-72,-73,-83,-80,-71,-71,0,-72,0,-71,-8,-8,-8,-57,-7,-7,-7,-7,-7,-7,-7,-7,-7,-7,-7,-7,0,0,0]} 1. e4 e5 2. Nf3 Nf6 3. Nxe5 d6 4. Nf3 Nxe4 5. Nc3 Nxc3 6. dxc3 Be7 7. Be3 Nc6 {C42: Petroff Defence: 3 Nxe5 and unusual White 3rd moves} 8. Bd3 O-O (8... Bg4 9. h3 Bh5 10. Qe2 Ne5 11. Be4 Nxf3+ 12. Bxf3 Bxf3 13. Qxf3 c6 14. O-O-O O-O 15. h4 {½-½ (34) Yu,Y (2759)-Bu,X (2718) Ningbo 2018}) 9. Qe2 Be6 10. O-O-O Qd7 11. h4 Bf5 ({Don't play} 11... Bxa2 $6 12. b3 $16) 12. Rdg1 $146 ({Predecessor:} 12. Nd4 Nxd4 13. Bxd4 Rfe8 14. Qf3 Bxd3 15. Rxd3 b5 {0-1 (43) Alekseenko,K (2637)-Duda,J (2738) chess.com INT 2019}) 12... Rfe8 13. Bxf5 Qxf5 14. g4 Qe6 15. Kb1 Ne5 16. Nd4 Qc4 17. Qd1 $1 Qd5 18. b3 b5 19. f4 Nc6 20. Nf5 Qxd1+ 21. Rxd1 g6 22. Nxe7+ Rxe7 23. Bc1 Rae8 24. h5 Re2 25. f5 R8e4 26. hxg6 fxg6 27. fxg6 hxg6 28. g5 Ne5 29. Rdf1 Rg2 30. Rf6 Ree2 31. Rhf1 Kg7 32. Rf8 Rg1 33. Rxg1 Kxf8 $11 {[%mdl 4096] Endgame KRB-KRN} 34. Rf1+ Kg7 35. Rf4 Rg2 36. a4 a6 37. axb5 axb5 38. Rd4 Nf7 39. Kb2 (39. Rd5 $11 {keeps the balance.}) 39... Nxg5 $17 40. c4 (40. Rd5 $17 Ne6 41. Be3) 40... bxc4 $19 41. Rxc4 Ne6 42. b4 Kf6 43. b5 g5 44. Be3 Re2 45. Rc3 g4 46. b6 (46. Kc1 {might work better.}) 46... cxb6 47. Bxb6 Kf5 48. Rd3 (48. Kc1 {was called for.}) 48... Ke5 (48... Nc5 $142 49. Rxd6 Na4+ 50. Kb3 Nxb6 51. Rxb6 g3) 49. Kb3 $2 (49. Kc1) 49... d5 (49... Nc5+ $142 50. Bxc5 dxc5) 50. c3 Re1 {Threatens to win with ...Rb1+.} 51. Ba7 Rb1+ 52. Kc2 {[#]} Ra1 (52... Rb5 $1 $19 {is more deadly.} 53. Bf2 Ng5) 53. Bb8+ $17 Ke4 54. Rg3 Kf5 55. Rd3 Ra2+ 56. Kb1 Ra5 {Hoping for ...Rb5+.} 57. Kc2 Ng5 58. Rd4 Ne6 (58... Ne4 $17 {White must now prevent ...Rc5.} 59. Kd3 Nc5+ 60. Kc2 Ne6) 59. Rd1 (59. Rd3 $1 $11 {remains equal.}) 59... Ng5 60. Rd4 $1 Rb5 (60... Ne4 $17 {And now ...Rc5 would win.} 61. Kd3 Rc5) 61. Rf4+ $1 $11 Kg6 62. Be5 Kh5 {aiming for ...g3.} 63. Rf5 {[#] Bf4 is the strong threat.The position is equal.} d4 $1 {[%mdl 512]} 64. cxd4 g3 {Strongly threatening ...g2.} 65. Rxg5+ $1 Kxg5 66. Bxg3 Kf5 67. Kc3 Ke4 68. Be5 Rxe5 69. dxe5 Kxe5 {Accuracy: White = 64%, Black = 55%.} 1/2-1/2

[Event "IMSA Rapid Men 2019"]
[Site "Hengshui"]
[Date "2019.05.15"]
[Round "5.7"]
[White "Mamedov, Rauf"]
[Black "Rapport, Richard"]
[Result "0-1"]
[WhiteElo "2650"]
[BlackElo "2736"]
[Annotator "TA"]
[PlyCount "80"]
[EventDate "2019.05.14"]
[EventType "rapid"]
[EventCountry "CHN"]
[SourceTitle "playchess.com"]
[Source "ChessBase"]
[SourceQuality "1"]

{[%evp 12,80,-1,0,8,-8,0,0,1,-17,-21,-46,-8,-18,-14,-31,0,0,0,-7,10,0,0,-17,26,18,20,25,37,21,65,0,0,0,40,0,0,0,0,0,0,-48,-45,-60,-40,-137,-136,-150,-139,-213,-216,-208,-208,-210,-132,-217,-182,-174,-192,-334,-329,-300,-314,-264,-232,-429,-429,-409,-352,-29989,-29990]} 1. g3 g6 2. Bg2 Bg7 3. Nf3 e5 4. d3 Ne7 5. c4 d6 6. Nc3 Nbc6 7. Rb1 a6 {A26: English Opening vs King's Indian with ...Nc6 and d3} (7... h6 8. b4 Be6 9. b5 Nd4 10. O-O Nxf3+ 11. Bxf3 c6 12. bxc6 bxc6 13. Qa4 Qd7 {½-½ (13) Nikolov,M (2574)-Enchev,I (2456) Heraklion 2016}) 8. e4 $146 ({Predecessor:} 8. O-O O-O 9. a3 Rb8 10. b4 b5 11. Nd5 Nxd5 12. cxd5 Ne7 13. Nd2 Bb7 14. e4 c6 15. dxc6 Nxc6 {0-1 (35) Nettleton,C (2059)-Gullaksen,E (2349) London 2018}) 8... b5 9. b3 O-O {The position is equal.} 10. h4 Bg4 11. Ne2 h5 12. Nh2 Be6 13. Nf1 Qd7 14. Ne3 Rab8 15. Nd5 a5 16. O-O Nb4 17. Bd2 Nxd3 (17... Nec6 {is more complex.} 18. a3 Nxd3 19. cxb5 Rxb5 20. Nec3 Rbb8) 18. Nxe7+ Qxe7 19. cxb5 Nc5 20. a4 c6 21. Nc3 (21. Bxa5 $14 cxb5 22. axb5) 21... Rfc8 $11 22. Be3 Bd7 {[%cal Rc6b5]} 23. bxc6 Bxc6 24. Nd5 Qe6 25. Bxc5 dxc5 26. Ne3 Rb4 27. Qc2 Bf8 28. Rfd1 {[#]} (28. Rfc1 $15) 28... c4 $1 $17 {[%cal Rc4b3][%mdl 512]} 29. Nxc4 {[#]} (29. bxc4 Bxa4) 29... Bxa4 $1 {[%mdl 512]} 30. Bf1 (30. bxa4 $17 Rcxc4 31. Qe2) 30... Bb5 $19 31. Rd5 a4 {And now ...axb3 would win.} 32. Qd1 axb3 ({But not} 32... Bxc4 33. bxc4 a3 34. Kg2) 33. Rxe5 (33. Nd6 $17 Bxf1 34. Nxc8) 33... Qf6 34. Rxb5 Rxb5 35. Rxb3 (35. e5 {was necessary.} Qe6 36. Rxb3 Rxb3 37. Qxb3) 35... Rxb3 36. Qxb3 {[#]} Bc5 $1 37. Ne3 Bd4 $40 {[%mdl 128] Black is out for blood.} 38. Kg2 $2 (38. Be2) 38... Rc3 39. Qb8+ Kg7 40. Nd1 $2 (40. Qf4 $19 Bxe3 41. fxe3) 40... Qf3+ {[%mdl 64] Double Attack. Accuracy: White = 33%, Black = 60%.} 0-1

[Event "IMSA Rapid Men 2019"]
[Site "Hengshui"]
[Date "2019.05.15"]
[Round "5.8"]
[White "Wang, Hao"]
[Black "Jones, Gawain C B"]
[Result "1/2-1/2"]
[WhiteElo "2735"]
[BlackElo "2702"]
[Annotator "TA"]
[PlyCount "111"]
[EventDate "2019.05.14"]
[EventType "rapid"]
[EventCountry "CHN"]
[SourceTitle "playchess.com"]
[Source "ChessBase"]
[SourceQuality "1"]

{[%evp 10,111,2,0,0,0,-8,-14,-12,-22,-13,-22,-11,-15,-15,-28,-24,-16,-28,-15,0,0,0,0,0,0,0,0,0,0,0,-40,0,0,7,-7,36,29,51,55,47,52,52,41,64,52,60,66,59,48,114,111,130,128,187,183,195,141,171,143,145,125,201,164,215,194,194,194,209,209,208,207,207,207,200,91,84,80,83,41,41,40,118,27,27,18,50,0,0,0,0,0,0,-2,0,0,0,0,0,0,0,0,0,0]} 1. e4 e5 2. Nf3 Nc6 3. Nc3 Nf6 4. Bb5 Bc5 5. O-O O-O 6. d3 Nd4 {C48: Four Knights: 4 Bb5, replies other than 4...Bb4} 7. Nxd4 (7. Bc4 c6 8. Nxd4 Bxd4 9. Bb3 d5 10. exd5 Nxd5 11. Nxd5 cxd5 12. Re1 Be6 13. c3 Bb6 14. Rxe5 Bxf2+ 15. Kh1 Bb6 16. Qf3 Bc7 {½-½ (31) Naiditsch,A (2697)-Nabaty,T (2692) Jerusalem 2018}) 7... Bxd4 8. Ne2 Bb6 9. Bg5 h6 10. Bh4 c6 11. Bc4 Re8 12. Bb3 $146 ({Predecessor:} 12. Kh1 g5 13. Bg3 d5 14. exd5 cxd5 {0-1 (33) Vontina,M (652)-Vodicka,M (1670) LSS email 2011}) 12... g5 13. Bg3 d5 14. exd5 cxd5 15. d4 e4 16. Be5 Ng4 17. Nc3 Nxe5 18. dxe5 Rxe5 19. Bxd5 Qe7 20. Kh1 g4 21. Qe2 Bf5 22. Bb3 Qh4 23. Nd5 Rae8 24. Nxb6 axb6 25. Qe3 Be6 26. Rad1 Bxb3 27. axb3 Rh5 {[%csl Gh5][%cal Rh4h2]} 28. Qf4 $1 Qg5 29. Qg3 Qe5 ({Black should play} 29... e3 $14 30. fxe3 Rxe3 31. Qb8+ (31. Qc7 Re7 $14) 31... Kg7) 30. Qxg4+ $16 Kh7 {[%csl Gh5][%cal Re5h2]} 31. g3 Rg8 (31... Rf5 $16 32. Kg1 e3) 32. Qe2 $18 Rf5 33. c4 (33. c3 $18) 33... Qe6 34. Rd4 Re8 35. Kg1 Re5 (35... Rf3 $16 36. b4 Kg7) 36. Qe3 Qh3 (36... b5 $142 37. Rfd1 Qg4) 37. Rd5 Rxd5 38. cxd5 {[%mdl 4096] Endgame KQR-KQR} Qh5 {[#]} 39. Qd4 $1 ({Don't take} 39. Qxb6 $6 Qxd5 40. Qe3 Rc8 $16) 39... Re5 40. d6 {Black must now prevent d7.} ({Much less strong is} 40. Qxb6 $6 Rxd5 41. Qxb7 Rd4) 40... Rd5 41. Qxe4+ Kg7 42. g4 (42. Re1 $18 {is more deadly.}) 42... Qg5 $16 43. h4 Qd2 44. Re1 Rxd6 {aiming for ...Re6.} 45. Qe5+ Kg8 ({Better is} 45... Rf6 $14) 46. Qe8+ (46. Kg2 $16) 46... Kg7 $11 47. Re2 Qd1+ 48. Kg2 Re6 $1 {[%mdl 64] [#] Decoy. The position is equal.} 49. Rxe6 Qxg4+ {[%mdl 64] Double Attack} 50. Kf1 Qxe6 {KQ-KQ} 51. Qa4 Qe5 52. Qg4+ Kh7 53. Qf3 Kg7 54. Qg4+ Kh7 55. Qd7 Kg7 56. Qg4+ {Accuracy: White = 52%, Black = 55%.} 1/2-1/2